| 000 | 00909nam a22002417a 4500 | ||
|---|---|---|---|
| 999 |
_c13145 _d13145 |
||
| 003 | AR-CdUCM | ||
| 008 | 190411b ||||| |||| 00| 0 spa d | ||
| 020 | _a978-607-404-197-2 | ||
| 040 |
_aMUNICIPALIDAD PROVINCIAL DEL CUSCO _cBIBLIOTECA MUNICIPAL DEL CUSCO |
||
| 082 |
_aES / 372.808 / _bH59 |
||
| 110 |
_aMiles Kelly Publishing Ltd. _931341 |
||
| 245 | _a50 Historias de Hadas / | ||
| 260 |
_aMéxico : _bSilver Dolphin ; _c2015. |
||
| 300 |
_a512 páginas ; _bIlustraciones _c22cm |
||
| 505 | _aContenido: Encantamientos -- Los niños y las hadas -- Hadas ayudantes -- Travesuras y magia -- Visitantes al país de las hadas -- Pide un deseo | ||
| 650 |
_aHistorias _92725 |
||
| 650 |
_aHadas _931361 |
||
| 650 |
_aEducación primaria _91561 |
||
| 700 |
_aThomas, Tig (compilador) _931353 |
||
| 700 |
_aCaballero, Samantha (traducción) _924667 |
||
| 942 |
_2ddc _cLIBROS |
||
| 945 |
_anom _d2019-04-11 |
||